[Event "12th ch-CRO"]
[Site "Opatija CRO"]
[Date "2012.01.18"]
[Round "2.4"]
[White "Palac,M"]
[Black "Kuljasevic,D"]
[Result "1-0"]
[WhiteElo "2572"]
[BlackElo "2569"]

1.d4 d5 2.c4 c6 3.Nc3 Nf6 4.e3 e6 5.Nf3 Nbd7 6.Qc2 b6 7.b3 Bb7 8.Bd3 Be7
9.O-O Qc7 10.Bb2 Rd8 11.Rac1 h6 12.cxd5 exd5 13.Rfd1 O-O 14.Bf5 Qb8 15.Ne5 Rfe8
16.Ne2 c5 17.Ng3 Nf8 18.Bd3 Rc8 19.Qe2 Ne6 20.Bf5 Bf8 21.dxc5 bxc5 22.Ng4 Nxg4
23.Qxg4 d4 24.exd4 cxd4 25.Rxc8 Bxc8 26.Bxd4 Nxd4 27.Qxd4 Bb7 28.Be4 Bxe4
29.Nxe4 Qb4 30.Qxb4 Bxb4 31.Rd4 a5 32.g4 Rc8 33.Rc4 Rd8 34.Kg2 g6 35.h4 f5
36.gxf5 gxf5 37.Ng3 Rd2 38.Nxf5 Rxa2 39.Nxh6+ Kh7 40.Ng4 Kg6 41.Rc6+ Kf5
42.Kf3 Be7 43.h5 Ra3 44.Rb6 a4 45.Ne3+ Kg5 46.Rb5+ Kf6 47.bxa4 Rxa4 48.Nd5+ Ke6
49.Nxe7 Kxe7 50.Rf5 Rh4 51.Kg3 Rh1 52.Kg4 Ke6 53.Rf3 Rg1+ 54.Kh4 Rh1+ 55.Kg5 Rg1+
56.Kh6 Ra1 57.Kg6  1-0

[Event "10th Parsvnath Open"]
[Site "New Delhi IND"]
[Date "2012.01.19"]
[Round "7.6"]
[White "Aleksandrov,A"]
[Black "Debashis,D"]
[Result "0-1"]
[WhiteElo "2612"]
[BlackElo "2389"]

1.d4 d5 2.c4 c6 3.Nc3 Nf6 4.e3 e6 5.Nf3 Nbd7 6.Qc2 Bd6 7.g4 h6 8.Rg1 e5 9.h4 e4
10.Nd2 g5 11.hxg5 hxg5 12.Be2 Nf8 13.b3 Be6 14.Bb2 Rh2 15.f3 exf3 16.Nxf3 Rh3
17.Nxg5 Rxe3 18.O-O-O Bf4 19.Nxe6 Rxc3+ 20.Nxf4 Rxc2+ 21.Kxc2 Qd6 22.Rgf1 O-O-O
23.Bd3 dxc4 24.bxc4 Kb8 25.g5 Ng4 26.Bc1 Qxd4 27.Rfe1 Qc5 28.g6 Nxg6 29.Nxg6 fxg6
30.Bf4+ Ka8 31.Bf1 Qf5+ 32.Kb3 Rc8 33.Rd4 g5 34.Bg3 Nf2 35.Bg2 Nd3 36.Rd1 Nc5+
37.Kb2 a6 38.R1d2 Ne6 39.Re4 Nf4 40.Bxf4 gxf4 41.Bf3 Qf6+ 42.Kb3 Ka7  0-1

[Event "11th Prague Open A"]
[Site "Prague CZE"]
[Date "2012.01.19"]
[Round "8"]
[White "Simonian,T"]
[Black "Tuma,Ji"]
[Result "1/2-1/2"]
[WhiteElo "2420"]
[BlackElo "2271"]

1.d4 d5 2.Nf3 Nf6 3.c4 c6 4.Nc3 e6 5.e3 Nbd7 6.Qc2 Bd6 7.g4 Bb4 8.Bd2 Qe7
9.g5 Bxc3 10.Bxc3 Ne4 11.h4 b6 12.Bd3 Nxc3 13.Qxc3 dxc4 14.Be4 Bb7 15.Qxc4 O-O
16.Nd2 e5 17.dxe5 Qxe5 18.O-O-O Nc5 19.Rhg1 Rad8 20.Qc2 Nxe4 21.Qxe4 Qa5
22.a3 Ba6 23.Nb3 Qb5 24.Nd4 Qc4+ 25.Qc2 Qxc2+ 26.Kxc2 Rd5 27.e4 Re5 28.Rge1 Rfe8
29.f3 g6 30.b4 Bb7 31.Ne2 Kg7 32.Nc3 c5 33.b5 h6 34.Rd7 R5e7 35.Red1 hxg5
36.hxg5 Bc8 37.Rxe7 Rxe7 38.Nd5 Re5 39.Rg1 Be6 40.Nc3 Bc4 41.f4 Re8 42.Rd1 Rh8
43.Rd7 Rh2+ 44.Kc1 Rh1+ 45.Kd2 Rh2+ 46.Kc1 Rh1+ 47.Kc2 Rh2+ 48.Kc1  1/2-1/2

[Event "TCh-AUT 1st Bundesliga 2012"]
[Site "Baden AUT"]
[Date "2012.01.20"]
[Round "1.2"]
[White "Berczes,D"]
[Black "Hertneck,G"]
[Result "1-0"]
[WhiteElo "2560"]
[BlackElo "2531"]

1.d4 d5 2.c4 c6 3.Nc3 Nf6 4.e3 e6 5.Nf3 Nbd7 6.Qc2 Bd6 7.Bd3 O-O 8.O-O Qe7
9.h3 e5 10.cxd5 cxd5 11.e4 dxe4 12.Nxe4 Nxe4 13.Bxe4 Nf6 14.dxe5 Bxe5 15.Re1 Nxe4
16.Qxe4 f6 17.Bf4 Qf7 18.Bxe5 fxe5 19.Qe3 e4 20.Ng5 Qg6 21.Nxe4 Bd7 22.Nc5 Bc6
23.Qe6+ Qxe6 24.Nxe6 Rf6 25.f3 Re8 26.Nd4 Rd8 27.Nxc6 Rxc6 28.Rad1 Rxd1 29.Rxd1 Rc7
30.Kh2 Kf7 31.Kg3 Ke7 32.Rd2 Rc6 33.f4 Ra6 34.b3 Rc6 35.Rd3 b5 36.Kf3 Rc2
37.a3 a5 38.g4 Ra2 39.b4 axb4 40.axb4 Rb2 41.Rd4 Rb3+ 42.Ke4 Rxh3 43.Rd5 Rg3
44.g5 h5 45.Kf5 h4 46.Rxb5 h3 47.Rb7+ Kf8 48.Kg6 Rg4 49.Rb8+ Ke7 50.Rh8 Rxf4
51.Rxh3 Rxb4 52.Kxg7 Re4 53.g6 Re1 54.Kh7 Kf6 55.g7 Re7 56.Kh8  1-0

[Event "TCh-AUT 1st Bundesliga 2012"]
[Site "Baden AUT"]
[Date "2012.01.20"]
[Round "1.2"]
[White "Farago,I"]
[Black "Gustafsson,J"]
[Result "1/2-1/2"]
[WhiteElo "2497"]
[BlackElo "2643"]

1.d4 Nf6 2.c4 e6 3.Nf3 d5 4.Nc3 c6 5.e3 Nbd7 6.Qc2 Bd6 7.Bd3 O-O 8.O-O dxc4
9.Bxc4 a6 10.a4 c5 11.dxc5 Bxc5 12.Ne4 Be7 13.Nxf6+ Nxf6 14.Rd1 Qc7 15.b3 b6
16.Bb2 Bb7 17.Ng5 Qc6 18.f3 Rfd8 19.Bxf6 Bxf6 20.Qxh7+ Kf8 21.Qh5 g6 22.Qh6+ Ke7
23.Ne4 Bxa1 24.Qh4+ Ke8 25.Rxa1 Qc7 26.Nf6+ Kf8 27.Qh6+ Ke7 28.Qg5 Kf8 29.Qh6+ Ke7
30.Qg5 Kf8 31.Qh6+  1/2-1/2

[Event "TCh-AUT 1st Bundesliga 2012"]
[Site "Baden AUT"]
[Date "2012.01.20"]
[Round "1.3"]
[White "Bartel,Mat"]
[Black "Pavasovic,D"]
[Result "1/2-1/2"]
[WhiteElo "2658"]
[BlackElo "2557"]

1.d4 d5 2.c4 e6 3.Nc3 c6 4.e3 Nf6 5.Nf3 Nbd7 6.Qc2 Bd6 7.g4 h6 8.Rg1 e5 9.cxd5 cxd5
10.Nb5 Bb8 11.g5 hxg5 12.Nxg5 e4 13.Bd2 a6 14.Rc1 Bxh2 15.Nc7+ Bxc7 16.Qxc7 Qxc7
17.Rxc7 Rh6 18.Bb4 Rg6 19.Be2 b6 20.Kd2 a5 21.Ba3 Kd8 22.Nxf7+ Kxc7 23.Rxg6 Ba6
24.Bxa6 Rxa6 25.Ne5 Ra8 26.Rxg7 Rg8 27.Rf7 Kc8 28.Nxd7 Nxd7 29.Rf5 Rg2 30.Ke2 b5
31.Be7 Rg7 32.Bc5 Nxc5 33.dxc5 Rd7 34.Kd2 b4 35.Rf6 Rh7 36.Kc2 a4 37.Kd2 Rh2
38.Ke2 Rh1 39.Rb6 Ra1 40.Rxb4 Rxa2 41.Kd2 a3 42.Kc3 Kc7 43.bxa3 Kc6 44.Kd4 Rd2+
45.Ke5 Rxf2 46.Rb8 Re2 47.Rc8+ Kd7 48.Ra8 Kc6 49.Rc8+ Kd7 50.Ra8  1/2-1/2

[Event "TCh-AUT 1st Bundesliga 2012"]
[Site "Baden AUT"]
[Date "2012.01.21"]
[Round "2.1"]
[White "Rapport,R"]
[Black "Prohaszka,P2"]
[Result "1/2-1/2"]
[WhiteElo "2543"]
[BlackElo "2547"]

1.d4 d5 2.c4 c6 3.e3 Nf6 4.Nc3 e6 5.Nf3 Nbd7 6.Qc2 b6 7.Bd3 Bb7 8.O-O Be7
9.b3 Qc7 10.Bb2 h6 11.Rac1 Rc8 12.Rfd1 O-O 13.Qe2 Qb8 14.Ne5 Nxe5 15.dxe5 Nd7
16.f4 Rfd8 17.Bb1 dxc4 18.bxc4 Nc5 19.Ba3 Rxd1+ 20.Rxd1 Rd8 21.Rd4 Rxd4 22.exd4 Qd8
23.Qe3 Nd7 24.Bb2 Nf8 25.Be4 Ba6 26.Qd3 b5 27.cxb5 cxb5 28.Qd2 b4 29.Nd1 Bc4
30.Bb1 Qa5  1/2-1/2

[Event "Basque Teams 2012"]
[Site "Bergara ESP"]
[Date "2012.01.21"]
[Round "2.4"]
[White "Cruz Lopez Claret,C"]
[Black "Alvarez Ibarra,R"]
[Result "1/2-1/2"]
[WhiteElo "2334"]
[BlackElo "2368"]

1.d4 d5 2.c4 c6 3.Nc3 Nf6 4.e3 e6 5.Nf3 Nbd7 6.Bd3 dxc4 7.Bxc4 b5 8.Bd3 Bb7
9.a3 b4 10.Ne4 Nxe4 11.Bxe4 bxa3 12.O-O Nf6 13.Bd3 axb2 14.Bxb2  1/2-1/2

[Event "10th Parsvnath Open"]
[Site "New Delhi IND"]
[Date "2012.01.21"]
[Round "9.43"]
[White "Hegde,R1"]
[Black "Rajkumar,S"]
[Result "1-0"]
[WhiteElo "2211"]
[BlackElo "1848"]

1.d4 d5 2.c4 c6 3.Nc3 Nf6 4.Nf3 e6 5.e3 Nbd7 6.Bd3 dxc4 7.Bxc4 b5 8.Bd3 Bb7
9.a3 b4 10.axb4 Bxb4 11.O-O O-O 12.Ba6 Bxa6 13.Rxa6 c5 14.Na2 Qb8 15.Nxb4 cxb4
16.Bd2 Qb5 17.Qa4 Rfb8 18.Ra1 Qxa4 19.R6xa4 b3 20.Rxa7 Rxa7 21.Rxa7 Nb6 22.Kf1 Nc4
23.Bc1 Ne4 24.Rc7 Nb6 25.Nd2 Nd5 26.Rc4 f5 27.Nxe4 fxe4 28.f3 Nf6 29.Bd2 Kf7
30.Rb4 Rxb4 31.Bxb4 Kg6 32.Ke2 h5 33.Bf8 Kf7 34.Bd6 Kg6 35.Be5 exf3+ 36.gxf3 Nd7
37.Bc7 Kf7 38.Kd3 g5 39.Kc4 Nf6 40.Bd8 Nh7 41.Kxb3 Ke8 42.Bc7 Nf6 43.Bg3 Nd5
44.Bf2 g4 45.fxg4 hxg4 46.Kc4 Kd7 47.e4 Nf6 48.Kd3 Kc6 49.Bh4 Nh5 50.Ke3 Kd6
51.Bg3+ Kc6 52.Be5 Kb5 53.Kd3 Kc6 54.Kc4 Kd7 55.d5 exd5+ 56.exd5  1-0

[Event "TCh-AUT 1st Bundesliga 2012"]
[Site "Baden AUT"]
[Date "2012.01.22"]
[Round "3.2"]
[White "Farago,I"]
[Black "Hertneck,G"]
[Result "1-0"]
[WhiteElo "2497"]
[BlackElo "2531"]

1.d4 d5 2.c4 c6 3.Nc3 Nf6 4.e3 e6 5.Nf3 Nbd7 6.Qc2 Bd6 7.Bd3 O-O 8.O-O dxc4
9.Bxc4 a6 10.Rd1 b5 11.Bd3 Qc7 12.Bd2 c5 13.Ne4 c4 14.Nxd6 Qxd6 15.Be2 Bb7
16.b3 Be4 17.Qb2 Rfc8 18.Ne1 Nd5 19.Rac1 cxb3 20.axb3 Bg6 21.Nd3 f6 22.Nc5 Nxc5
23.dxc5 Qe5 24.Qxe5 fxe5 25.Ba5 Rc6 26.Bg4 Kf7 27.f3 Rac8 28.Rxd5 exd5 29.Bxc8 Rxc8
30.c6 Ke6 31.c7 Be8 32.Kf2 Kd6 33.f4 exf4 34.exf4 d4 35.Bb6 Kd5 36.Kf3 Bc6
37.Rd1 Bb7 38.Rxd4+ Kc6 39.Ba5 Kc5+ 40.Ke3 Bxg2 41.Rd7 b4 42.Rxg7 Bd5 43.Rxh7 Bxb3
44.Rh5+ Kc4 45.f5 Bc2 46.Kd2 b3 47.Kc1 Kd5 48.f6+ Ke6 49.Rh6 Kf7 50.Kb2 Ke6
51.f7+ Kxf7 52.Rxa6 Ke7 53.Bb4+ Kd7 54.Bd6 Bd3 55.Rb6 Bc4 56.Rb8 Be6 57.Be5 Bf7
58.h4 Re8 59.Rxe8 Bxe8 60.Kxb3 Bh5 61.Kc4 Bg4 62.Kd4 Ke7 63.h5 Kf7 64.Kc5 Kg8
65.Kb6 Kh7 66.Bf4  1-0

[Event "Frauenbundesliga 2011-12"]
[Site "Germany GER"]
[Date "2012.01.22"]
[Round "7.3"]
[White "Mader,Ma"]
[Black "Haecker,S"]
[Result "1-0"]
[WhiteElo "2190"]
[BlackElo "2070"]

1.d4 d5 2.c4 e6 3.Nf3 Nf6 4.Nc3 c6 5.e3 Nbd7 6.Qc2 Bd6 7.Be2 O-O 8.O-O dxc4
9.Bxc4 e5 10.Bb3 Qc7 11.h3 h6 12.Rd1 exd4 13.exd4 Nb6 14.Bxh6 gxh6 15.Qg6+ Kh8
16.Qxf6+ Kh7 17.Bc2+ Kg8 18.Ng5 Rd8 19.Qxh6 f5 20.Bb3+ Nd5 21.Nxd5 Bh2+ 22.Kh1 cxd5
23.Qg6+ Kf8 24.Nh7+  1-0

[Event "TCh-LTU 2012"]
[Site "Lithuania LTU"]
[Date "2012.01.22"]
[Round "2"]
[White "Velioniskis,R"]
[Black "Vaitonis,V"]
[Result "1/2-1/2"]
[WhiteElo "1953"]
[BlackElo "2034"]

1.d4 d5 2.c4 c6 3.Nf3 Nf6 4.Nc3 e6 5.e3 Nbd7 6.Qc2 Be7 7.b3 b6 8.Bb2 Bb7
9.Be2 Rc8 10.O-O O-O 11.Rfd1 Qc7 12.Rac1 Bd6 13.e4 Bf4 14.Ra1 dxe4 15.Nxe4 Nxe4
16.Qxe4 c5 17.d5 exd5 18.cxd5 Rfe8 19.Qc2 Nf8 20.g3 Bd6 21.Nh4 f6 22.Bg4 Rcd8
23.Bh5 Re7 24.Nf5 Red7 25.Qc4 Kh8 26.f4 a6 27.Qe2 Bxf4 28.gxf4 Qxf4 29.Qg4 Qxg4+
30.Bxg4 Bxd5 31.Ne3 Be6 32.Bxe6 Nxe6 33.Rxd7 Rxd7 34.Rd1 Rxd1+ 35.Nxd1 Kg8
36.Kf2 Kf7 37.Kf3 f5 38.Ne3 g6 39.Nd5 b5 40.Be5 g5 41.Ke3 h5 42.Nf6 h4 43.Nd7 h3
44.Nb8 a5 45.Nc6 a4 46.bxa4 bxa4 47.Na5 Nd4 48.Nc4 Nc2+ 49.Kd2 Nd4 50.Ke3 Nc2+
51.Kd2 Nd4 52.Ke3 Nc2+  1/2-1/2

[Event "12th ch-CRO"]
[Site "Opatija CRO"]
[Date "2012.01.23"]
[Round "7.2"]
[White "Kozul,Z"]
[Black "Jankovic,A"]
[Result "1-0"]
[WhiteElo "2601"]
[BlackElo "2568"]

1.d4 d5 2.c4 c6 3.Nc3 Nf6 4.Nf3 e6 5.e3 Nbd7 6.Bd3 dxc4 7.Bxc4 b5 8.Bd3 b4
9.Ne4 Nxe4 10.Bxe4 Bb7 11.O-O Bd6 12.a3 bxa3 13.Qc2 Qc7 14.b3 Nf6 15.Bxa3 Bxa3
16.Rxa3 Nxe4 17.Qxe4 Qe7 18.Rfa1 c5 19.Qe5 Bxf3 20.gxf3 O-O 21.dxc5 Qb7 22.Qe4 Qc7
23.b4 Rfb8 24.Ra5 h6 25.c6 Rb6 26.b5 Qe7 27.Qe5 Qb4 28.Kg2 Rc8 29.R1a4 Qb1
30.Rg4 g6 31.Rd4 a6 32.c7  1-0

[Event "Gibraltar Open"]
[Site "Caleta ENG"]
[Date "2012.01.24"]
[Round "1.13"]
[White "Sargissian,G"]
[Black "Nezad,H"]
[Result "1-0"]
[WhiteElo "2683"]
[BlackElo "2402"]

1.d4 d5 2.c4 c6 3.Nc3 Nf6 4.e3 e6 5.Nf3 Nbd7 6.Qc2 Bd6 7.Bd3 dxc4 8.Bxc4 O-O
9.O-O a6 10.Rd1 b5 11.Bd3 Qc7 12.Bd2 c5 13.Ne4 cxd4 14.Nxd6 Qxd6 15.Be4 Nxe4
16.Qxe4 Bb7 17.Qxb7 Nc5 18.Bb4 Nxb7 19.Bxd6 Nxd6 20.Rxd4 Rfd8 21.Kf1 f6 22.Rad1 Nf7
23.Rxd8+ Rxd8 24.Rc1 e5 25.Ke2 Kf8 26.Rc7 Rd6 27.Ne1 Nd8 28.Nd3 Ne6 29.Ra7 e4
30.Nb4 Nc5 31.Rc7 Ne6 32.Ra7 Nc5 33.g4 h5 34.gxh5 Na4 35.Rxa6 Rxa6 36.Nxa6 Nxb2
37.Nc5 f5 38.Ne6+ Kf7 39.Nd4 b4 40.Nxf5 Kf6 41.Nd6 Ke5 42.Ne8 Na4 43.Nxg7 Nc3+
44.Kd2 Nxa2 45.Ne8  1-0

[Event "Gibraltar Open"]
[Site "Caleta ENG"]
[Date "2012.01.24"]
[Round "1.126"]
[White "Salem,AR"]
[Black "Ortega Ruiz,J"]
[Result "1-0"]
[WhiteElo "2505"]
[BlackElo "2288"]

1.d4 d5 2.c4 c6 3.Nc3 Nf6 4.e3 e6 5.Nf3 Nbd7 6.Bd3 dxc4 7.Bxc4 b5 8.Bd3 Bd6
9.O-O O-O 10.b3 e5 11.Bb2 Bb7 12.Rc1 Qe7 13.Ne4 Nxe4 14.Bxe4 f5 15.Bxc6 Bxc6
16.Rxc6 e4 17.Ne5 Rf6 18.Qc2 Nxe5 19.dxe5 Bxe5 20.Bxe5 Qxe5 21.Rc5 Qe8 22.Rd1 a6
23.h3 Qe6 24.Rc7 Raf8 25.Rdd7 Rg6 26.Qc5 Qf6 27.Qd5+ Kh8 28.Rf7 Qa1+ 29.Kh2  1-0

[Event "Gibraltar Open"]
[Site "Caleta ENG"]
[Date "2012.01.25"]
[Round "2.56"]
[White "Nezad,H"]
[Black "Daoudi,K"]
[Result "1-0"]
[WhiteElo "2402"]
[BlackElo "2165"]

1.d4 Nf6 2.c4 e6 3.Nc3 d5 4.Nf3 c6 5.e3 Nbd7 6.Qc2 Be7 7.b3 O-O 8.Bb2 Re8
9.Bd3 Qa5 10.a3 dxc4 11.Bxc4 Qh5 12.O-O b6 13.Ne2 Bb7 14.Ng3 Qh6 15.e4 Nh5
16.Ne2 c5 17.Bc1 g5 18.Rd1 Qg7 19.Bb2 Qg6 20.d5 exd5 21.Bxd5 Bxd5 22.Rxd5 Nf8
23.Rad1 Rad8 24.Nc3 Nf4 25.Rf5 Rxd1+ 26.Nxd1 Rd8 27.Ne3 N8e6 28.Ne5 Qh5 29.Nc6 Rd7
30.g3 Nd4 31.Nxd4 cxd4 32.Nd5 Nxd5 33.exd5 Qg6 34.Qe4 Rc7 35.Qxd4 f6 36.d6 Bxd6
37.Qxd6 Qxf5 38.Qxc7  1-0

[Event "Gibraltar Open"]
[Site "Caleta ENG"]
[Date "2012.01.26"]
[Round "3.16"]
[White "Arnold,Mar"]
[Black "Negi,P"]
[Result "1/2-1/2"]
[WhiteElo "2482"]
[BlackElo "2641"]

1.Nf3 d5 2.d4 Nf6 3.c4 e6 4.Nc3 c6 5.e3 Nbd7 6.Qc2 Bd6 7.Bd3 O-O 8.O-O dxc4
9.Bxc4 b5 10.Be2 Bb7 11.Rd1 Qb8 12.a3 a5 13.Bd2 Rc8 14.Rac1 c5 15.dxc5 Rxc5
16.b4 axb4 17.axb4 Rh5 18.h3 Bxb4 19.Nxb5 Bxf3 20.Bxf3 Bxd2 21.Rb1 Rc5 22.Qxd2 Ra6
23.Nd6 Rb6 24.Rxb6 Qxb6 25.Ne4 Rc8 26.Nxf6+ Nxf6 27.Qd6 Qxd6 28.Rxd6 g5 29.g4 Kg7
30.Rc6 Rxc6  1/2-1/2

[Event "14th NordWest-Cup"]
[Site "Bad Zwischenahn GER"]
[Date "2012.01.27"]
[Round "2.2"]
[White "Vovk,Y"]
[Black "Van Linde,P"]
[Result "1-0"]
[WhiteElo "2581"]
[BlackElo "2156"]

1.d4 d5 2.c4 c6 3.Nc3 Nf6 4.Nf3 e6 5.e3 Nbd7 6.Qc2 Bd6 7.Bd3 O-O 8.O-O e5
9.cxd5 cxd5 10.Nb5 Bb8 11.dxe5 Nxe5 12.Nxe5 Bxe5 13.Bd2 a6 14.Nd4 Re8 15.Rfc1 Ne4
16.Be1 Bxd4 17.exd4 Qb6 18.Qa4 Nf6 19.Ba5 Bd7 20.Bxb6 Bxa4 21.f3 Rac8 22.b3 Bd7
23.a4 Rxc1+ 24.Rxc1 Rc8 25.Rc5 Rxc5 26.dxc5 Bc6 27.Bc7 Nd7 28.Bd6 f6 29.f4 g6
30.Kf2 Kf7 31.Ke3 Ke6 32.g4 f5 33.g5 b6 34.Kd4 b5 35.axb5 axb5 36.Be2 Kf7
37.Bf3 Ke6 38.b4 Nb6 39.cxb6 Kxd6 40.Be2 Bb7 41.Bxb5 Bc8 42.h4 Bb7 43.Be8 Bc8
44.Bf7 Bb7 45.b5 Ba8 46.Bg8  1-0

[Event "Gibraltar Open"]
[Site "Caleta ENG"]
[Date "2012.01.27"]
[Round "4.9"]
[White "Parligras,M"]
[Black "Gopal,G"]
[Result "0-1"]
[WhiteElo "2650"]
[BlackElo "2566"]

1.d4 d5 2.c4 c6 3.Nc3 Nf6 4.e3 e6 5.Nf3 Nbd7 6.Bd3 dxc4 7.Bxc4 b5 8.Bd3 Bb7
9.O-O a6 10.e4 c5 11.d5 Qc7 12.dxe6 fxe6 13.Bc2 c4 14.Ne2 g6 15.Nf4 Nc5 16.b4 cxb3
17.Bxb3 Nfxe4 18.Nxe6 Nxe6 19.Bxe6 Bg7 20.Ba3 Rd8 21.Qb3 Bxa1 22.Rxa1 Rf8
23.Bxf8 Kxf8 24.Qe3 Qc3 25.Qf4+ Qf6 26.Qxf6+ Nxf6 27.Ne1 Rd2 28.Rc1 Bd5 29.Bxd5 Nxd5
30.Rc2 Rd1 31.Kf1 Ra1 32.Ke2 Nb4 33.Rc8+ Kg7 34.Rc7+ Kf6 35.Rxh7 Rxa2+ 36.Ke3 Nd5+
37.Kd4 Rd2+ 38.Nd3 Nf4 39.Ke3 Rxd3+ 40.Kxf4 a5 41.Rb7 Rd4+ 42.Ke3 Rb4 43.Rb6+ Ke5
44.f4+ Kd5 45.Rxg6 a4 46.Ra6 Rb3+ 47.Kd2 Rb2+ 48.Ke3 Rxg2 49.f5 Rxh2 50.f6 Rh1
51.f7 Rf1 52.Ra7 Kc5 53.Ke2 Rf6 54.Kd3 Kb4 55.Kd4 a3 56.Ke5 Rf1 57.Ke6 Kb3
58.Ra5 Rxf7 59.Kxf7 b4 60.Ke6 Ka2 61.Rh5 b3 62.Kd5 b2 63.Rh2 Ka1  0-1

[Event "17th HIT Open A"]
[Site "Nova Gorica SLO"]
[Date "2012.01.27"]
[Round "1"]
[White "Smirnov,Arte"]
[Black "Mihelj,Edvard"]
[Result "1-0"]
[WhiteElo "2428"]
[BlackElo "1873"]

1.d4 d5 2.c4 e6 3.Nc3 c6 4.e3 Nf6 5.Nf3 Be7 6.Bd3 Nbd7 7.O-O Qc7 8.b3 b6
9.Bb2 Bb7 10.Rc1 Rc8 11.Qe2 O-O 12.Ne5 Bd6 13.f4 Qd8 14.Rf3 dxc4 15.Nxc4 Be7
16.Rh3 g6 17.Rd1 Nd5 18.Ne4 f5 19.Ned6 Rc7 20.Nxb7 Rxb7 21.g4 N7f6 22.Ne5 fxg4
23.Nxg4 Nxg4 24.Qxg4 Rf6 25.Rf3 Qd7 26.e4 Nc7 27.d5 Rf7 28.Rh3 exd5 29.Qxg6+ Kf8
30.Qh6+ Ke8 31.Rg3 Qe6 32.Qh5 Kd8 33.f5 Bc5+  1-0

[Event "Gibraltar Open"]
[Site "Caleta ENG"]
[Date "2012.01.28"]
[Round "5.38"]
[White "Salem,AR"]
[Black "Vinas Guerrero,C"]
[Result "1-0"]
[WhiteElo "2505"]
[BlackElo "2160"]

1.d4 d5 2.c4 c6 3.Nc3 Nf6 4.e3 e6 5.Nf3 Nbd7 6.Bd3 dxc4 7.Bxc4 b5 8.Bd3 b4
9.Na4 Qa5 10.O-O Ba6 11.b3 Be7 12.e4 Bxd3 13.Qxd3 Qb5 14.Qc2 c5 15.Be3 cxd4
16.Nxd4 Qe5 17.f3 Bd6 18.g3 O-O 19.Rad1 Bc5 20.Nxc5 Qxc5 21.Qxc5 Nxc5 22.Nc6 Ncd7
23.Nxb4 a5 24.Nc6 Ra6 25.Rd6 Kh8 26.Rfd1 h6 27.Na7 Rxd6 28.Rxd6 a4 29.Nc6 axb3
30.axb3 e5 31.b4 Ra8 32.Ba7  1-0

[Event "TCh-CAT 2012"]
[Site "Catalunya ESP"]
[Date "2012.01.28"]
[Round "1.8"]
[White "Lopez Agustench,E"]
[Black "Moreno Carretero,C"]
[Result "1/2-1/2"]
[WhiteElo "2220"]
[BlackElo "2147"]

1.d4 d5 2.Nf3 Nf6 3.c4 c6 4.e3 e6 5.Nc3 Be7 6.Qc2 Nbd7 7.b3 b6 8.Be2 Bb7
9.Bb2 O-O 10.O-O c5 11.cxd5 Nxd5 12.Nxd5 Bxd5 13.e4 Bb7 14.Rad1 cxd4 15.Nxd4 Qc8
16.Qb1 Nc5 17.f3 a6 18.Qc2 b5 19.Ba3 Rd8 20.Kh1 Bf8 21.Bc1 e5 22.Nf5 Ne6
23.Qb2 Qc7 24.Be3 f6 25.a4 Bc6 26.Rc1 Qb7 27.a5 Bb4 28.Rc2 Bd7 29.Bb6 Rdc8
30.Rd1 Rxc2 31.Qxc2 Rc8 32.Qd3 Be8 33.Nd6 Bxd6 34.Qxd6 Kf7 35.Bf1 Qe7 36.Qd5 Bc6
37.Qd3 h5 38.Qb1 h4 39.h3 Qb4 40.Qd3 Nf4 41.Qe3 Be8 42.Bd8 Qc5 43.Qe1 g5
44.b4 Qc2 45.Bb6 Qb3 46.Bc5 Ne6 47.Rb1 Qa2 48.Ra1 Qb2 49.Rb1  1/2-1/2

[Event "ch-TUR 2012"]
[Site "Kemer TUR"]
[Date "2012.01.28"]
[Round "5"]
[White "Tulay,B"]
[Black "Aysoy,V"]
[Result "1-0"]
[WhiteElo "2128"]
[BlackElo "1924"]

1.d4 e6 2.Nf3 Nf6 3.e3 d5 4.c4 c6 5.Nc3 Nbd7 6.Bd3 Be7 7.O-O dxc4 8.Bxc4 b5
9.Bd3 a6 10.Ne4 Bb7 11.Nxf6+ Nxf6 12.Qe2 O-O 13.e4 Re8 14.Rd1 Qc7 15.e5 Nd7
16.Ng5 Nf8 17.Qh5 Bxg5 18.Bxg5 c5 19.Rac1 c4 20.Bb1 b4 21.Qg4 Qc6 22.f3 Rac8
23.h4 Kh8 24.h5 Nd7 25.Qf4 Rf8 26.h6 g6 27.Be7 a5 28.Be4 Qb6  1-0

[Event "Moscow Open Women 2012"]
[Site "Moscow RUS"]
[Date "2012.01.28"]
[Round "1.6"]
[White "Huang Qian"]
[Black "Doluhanova,E"]
[Result "1-0"]
[WhiteElo "2389"]
[BlackElo "2285"]

1.d4 d5 2.Nf3 Nf6 3.c4 e6 4.Nc3 c6 5.e3 Nbd7 6.b3 Bd6 7.Bb2 O-O 8.Be2 Qe7
9.Qc2 dxc4 10.bxc4 e5 11.O-O Re8 12.Rfe1 e4 13.Nd2 Nf8 14.f3 exf3 15.Bxf3 Ne6
16.Nde4 Nxe4 17.Nxe4 Bb4 18.Bc3 f5 19.Bxb4 Qxb4 20.Nd2 Bd7 21.c5 b5 22.a3 Qa5
23.a4 bxa4 24.Rxa4 Qc7 25.Qa2 Kf8 26.Ra1 f4 27.exf4 Qd8 28.Qc4 a5 29.Qc3 Re7
30.Nc4 Be8 31.Nd6 Rea7 32.d5 Qc7 33.Bg4 Nd8 34.Rf1 g5 35.dxc6 Bg6 36.Re1  1-0

[Event "Moscow Open 2012 A"]
[Site "Moscow RUS"]
[Date "2012.01.28"]
[Round "1.70"]
[White "Naumkin,I"]
[Black "Petrukhina,I"]
[Result "1-0"]
[WhiteElo "2443"]
[BlackElo "2202"]

1.d4 d5 2.c4 c6 3.Nf3 Nf6 4.Nc3 e6 5.e3 Nbd7 6.Qc2 Bd6 7.Bd3 O-O 8.O-O dxc4
9.Bxc4 a6 10.h3 Qc7 11.Ng5 h6 12.Nge4 Nxe4 13.Nxe4 Be7 14.Bd2 e5 15.Ng3 Bf6
16.Bb4 Re8 17.Nh5 b5 18.Bb3 e4 19.f3 c5 20.Bxc5 Bb7 21.Rac1 Rac8 22.f4 Bh4
23.Qe2 Nf6 24.Nxf6+ Bxf6 25.Qh5 Qd7 26.g4 Rc6 27.g5 g6 28.Qxg6+ Bg7 29.Qh5 Qf5
30.Qg4 Qg6 31.h4 h5 32.f5 Qh7 33.g6  1-0

[Event "Moscow Open Women 2012"]
[Site "Moscow RUS"]
[Date "2012.01.28"]
[Round "1.29"]
[White "Borisova,E"]
[Black "Butneva,L"]
[Result "1-0"]
[WhiteElo "2219"]
[BlackElo "1832"]

1.d4 d5 2.c4 c6 3.Nf3 Nf6 4.Nc3 e6 5.e3 Nbd7 6.Qc2 Bb4 7.Bd2 O-O 8.Bd3 Qc7
9.O-O b6 10.cxd5 Bxc3 11.dxe6 Bxd2 12.exd7 Bxd7 13.Nxd2 h6 14.Rac1 Ng4 15.Nf3 a6
16.e4 Nf6 17.e5 Nd5 18.Be4 Qb7 19.Bxd5 cxd5 20.Qc7 Ra7 21.Qxb7 Rxb7 22.Rc3 Rc8
23.Rfc1 Rbb8 24.Rxc8+ Rxc8 25.Rxc8+ Bxc8 26.Nd2 Bf5 27.Nf1 Bb1 28.a3 Kf8
29.Ne3 Ba2 30.Kf1 b5 31.Ke2 Ke7 32.Kd2 Ke6 33.Kc2 Bc4 34.b3 Be2 35.f3 b4
36.Kd2 Bb5 37.a4 Bc6 38.a5 f6 39.f4 fxe5 40.fxe5 Bb5 41.Nc2 Kf5 42.Ke3 g5
43.Nxb4 Ke6 44.Nd3 h5 45.Nc5+ Kf5 46.b4 h4 47.Nb7 Bf1 48.b5  1-0

[Event "Moscow Open Women 2012"]
[Site "Moscow RUS"]
[Date "2012.01.28"]
[Round "1"]
[White "Kutueva,N"]
[Black "Romanko,M"]
[Result "0-1"]
[WhiteElo "1959"]
[BlackElo "2389"]

1.d4 d5 2.c4 c6 3.Nc3 Nf6 4.e3 e6 5.Nf3 Nbd7 6.Qc2 b6 7.Bd3 Bb7 8.O-O Be7
9.e4 dxe4 10.Nxe4 c5 11.Be3 cxd4 12.Bxd4 Nc5 13.Bxc5 bxc5 14.Rad1 Nd7 15.Be2 Qc7
16.Rd2 O-O 17.Rfd1 Bc6 18.Qd3 Rad8 19.Qe3 h6 20.Nd6 a6 21.Nf5 Bf6 22.Ng3 Bxf3
23.Qxf3 Bg5 24.Rc2 Ne5 25.Qc3 Nc6 26.Qe1 Nb4 27.Rc3 Nxa2 28.Ra3 Nb4 29.Rxd8 Rxd8
30.Qb1 Bf6 31.Nf1 Qe5 32.Bf3 Qxb2 33.Qxb2 Bxb2 34.Ra5 Bd4 35.Ra4 Rd6 36.Bb7 Rb6
37.Be4 f5 38.Bb1 Nc6 39.Ra1  0-1

[Event "14th NordWest-Cup"]
[Site "Bad Zwischenahn GER"]
[Date "2012.01.29"]
[Round "6.1"]
[White "Epishin,V"]
[Black "Solodovnichenko,Y"]
[Result "1-0"]
[WhiteElo "2561"]
[BlackElo "2613"]

1.d4 d5 2.c4 e6 3.Nc3 c6 4.e3 Nf6 5.Nf3 Nbd7 6.Be2 Bd6 7.a4 O-O 8.O-O a5
9.Qc2 Qe7 10.Bd2 b6 11.Rfe1 Bb7 12.Rad1 Rad8 13.Bd3 h6 14.cxd5 cxd5 15.Nb5 Rc8
16.Qb1 Ne4 17.Bc3 Nxc3 18.bxc3 Bb8 19.Qb3 e5 20.e4 dxe4 21.Bxe4 Bxe4 22.Rxe4 Nf6
23.Re2 e4 24.Nd2 Bf4 25.Rde1 Bxd2 26.Rxd2 Rfe8 27.h3 Qd7 28.c4 Nh5 29.Rde2 f5
30.c5+ Kh7 31.Nd6 bxc5 32.Nxc8 Rxc8 33.dxc5 Rxc5 34.Rd1 Qc7 35.Red2 Nf6 36.Rd6 Re5
37.Re6 Rc5 38.Qb6 Qc8 39.Qd6 f4 40.Rxf6 gxf6 41.Qe7+ Kg6 42.Qxe4+ Qf5 43.Qf3 Qe5
44.Kh2 f5 45.Rd8 Rc3 46.Qb7 Qc7 47.Qd5 Rc5 48.Rd6+ Kh5 49.Qf3+ Kg5 50.h4+  1-0

[Event "TCh-CZE Liga1 Vychod"]
[Site "Czech Rep CZE"]
[Date "2012.01.29"]
[Round "7"]
[White "Jaworski,Mi"]
[Black "Krejci,Jan2"]
[Result "0-1"]
[WhiteElo "2320"]
[BlackElo "2489"]

1.d4 d5 2.c4 c6 3.Nf3 Nf6 4.Nc3 e6 5.e3 Nbd7 6.Qc2 Bd6 7.Bd3 O-O 8.O-O dxc4
9.Bxc4 b5 10.Bd3 Bb7 11.a3 a6 12.b4 a5 13.Rb1 Qe7 14.e4 e5 15.Ne2 axb4 16.axb4 Ra4
17.Ng3 g6 18.dxe5 Nxe5 19.Nxe5 Bxe5 20.Bd2 Rd8 21.Bc3 Ng4 22.Be2 h5 23.Bxg4 hxg4
24.Qb2 Bxc3 25.Qxc3 Qd6 26.Qb3 Bc8 27.Rfd1 Qe7 28.Rxd8+ Qxd8 29.Qc3 Be6 30.Ne2 Ba2
31.Rc1 Bc4 32.Nd4 Qe7 33.Nc2 Kh7 34.e5 Qg5 35.Re1 Ra2 36.h3 Qf5 37.Rc1 Bd3
38.hxg4 Qf4 39.Ne1 Qxf2+ 40.Kh2 Be4 41.Qg3 Kg7 42.e6 Qxg3+ 43.Kxg3 fxe6 44.Kf4 Bd5
45.Nd3 Rd2 46.Ne5 Rd4+ 47.Kg5 Rxb4 48.Rf1 Re4 49.Nxg6 b4 50.Nf4 Re5+ 51.Kh4 b3
52.Ra1 c5 53.Nd3 Re2 54.Ra7+ Kg8 55.Ra6 c4 56.Nf4 Re4 57.Nh5 b2 58.Rb6 c3  0-1

[Event "ch-TUR 2012"]
[Site "Kemer TUR"]
[Date "2012.01.29"]
[Round "2"]
[White "Esen,B"]
[Black "Ersoz,B"]
[Result "1-0"]
[WhiteElo "2534"]
[BlackElo "1938"]

1.d4 d5 2.Nf3 Nf6 3.c4 e6 4.Nc3 c6 5.e3 Bd6 6.Bd3 O-O 7.e4 dxe4 8.Nxe4 Nxe4
9.Bxe4 f5 10.Bc2 Nd7 11.O-O e5 12.Bg5 Be7 13.Bxe7 Qxe7 14.Nxe5 Nxe5 15.Re1 Qb4
16.Rxe5 Qxb2 17.Bb3 Bd7 18.Rb1 Qa3 19.c5+ Kh8 20.Re7 Be8 21.Qe1 Bg6 22.Qe5 Rf6
23.Rxb7 Re8 24.Qc7  1-0

[Event "ch-TUR 2012"]
[Site "Kemer TUR"]
[Date "2012.01.29"]
[Round "2"]
[White "Erdogan,H"]
[Black "Ceylan,M"]
[Result "1-0"]
[WhiteElo "2257"]
[BlackElo "1910"]

1.d4 d5 2.c4 c6 3.Nf3 Nf6 4.Nc3 e6 5.e3 Bd6 6.Ne5 O-O 7.Bd3 Nbd7 8.f4 Qe7
9.c5 Bc7 10.O-O Nxe5 11.fxe5 Ne8 12.Qh5 g6 13.Qh6 f5 14.Bd2 Bd7 15.b4 b6
16.g4 Qg7 17.Qh3 Rb8 18.e4 fxg4 19.Rxf8+ Qxf8 20.Qxg4 Ng7 21.exd5 bxc5 22.bxc5 Rb2
23.Rf1 Qe8 24.Ne4 Bd8 25.d6 Nf5 26.Bg5 h5 27.Qf4 Rxa2 28.Bxd8 Qxd8 29.Nf6+ Kf7  1-0